00458nam a2200193Ia 4500003000400000005001700004008004100021020001400062040000700076041000800083082002000091100001700111245002600128260004200154300001600196365001300212650001400225650002500239OSt20230403110704.0210423s2000 xx 000 0 und d a195652185 cAL aeng a338.19 OSMS223 aOSMANI (S R) aNutrition and poverty aOxfordbOxford University Pressc2000 axiv,366bPB b350cINR aEconomics aProduction Economics